Uoga For Everybody. (Record no. 16808)

MARC details
000 -LEADER
fixed length control field 00376nam a2200157Ia 4500
008 - FIXED-LENGTH DATA ELEMENTS--GENERAL INFORMATION
fixed length control field 220803s9999 xx 000 0 und d
020 ## - INTERNATIONAL STANDARD BOOK NUMBER
International Standard Book Number 9788129102515
041 ## - LANGUAGE CODE
Language code of text/sound track or separate title eng
082 ## - DEWEY DECIMAL CLASSIFICATION NUMBER
Classification number 491.46
100 ## - MAIN ENTRY--PERSONAL NAME
Personal name Joshi Bharati.
9 (RLIN) 26188
245 ## - TITLE STATEMENT
Title Uoga For Everybody.
260 ## - PUBLICATION, DISTRIBUTION, ETC. (IMPRINT)
Place of publication, distribution, etc. New Delhi
Name of publisher, distributor, etc. Rupa Publication
Date of publication, distribution, etc. 2017
300 ## - PHYSICAL DESCRIPTION
Extent 146p
500 ## - GENERAL NOTE
Keywords 10
650 ## - SUBJECT ADDED ENTRY--TOPICAL TERM
Topical term or geographic name as entry element General
9 (RLIN) 26189
Holdings
Withdrawn status Lost status Damaged status Not for loan Home library Current library Date acquired Vendor Cost, normal purchase price Total Checkouts Full call number Barcode Date last seen Cost, replacement price Bill Date Koha item type Original Barcode
        Dr. Bhanuben Nanavati College of Architecture Dr. Bhanuben Nanavati College of Architecture 27/06/2018 Bharati Joshi 285.00   891.46 JOS BNCA-BK-10592 03/08/2022 295.00 01/06/2018 Books B10592